| 000 | 00610nam a2200217 a 4500 | ||
|---|---|---|---|
| 005 | 20140310183456.0 | ||
| 008 | 051004s19uu xx 00 eng d | ||
| 020 | _a9780070169135 | ||
| 050 |
_aP 90 _b.B284 2010 |
||
| 100 | _aBaran, Stanley J. | ||
| 245 |
_aIntroduction to mass communication : _bmedia literacy and culture / |
||
| 250 | _a4th ed. | ||
| 260 |
_aBoston : _bMcGraw Hill, _c2010. |
||
| 300 |
_aI-17 450 p. : _bcol. ill. ; _c27 cm |
||
| 521 | _aMC | ||
| 650 | _aMass media. | ||
| 650 | _aMass media and culture. | ||
| 650 | _aMedia literacy. | ||
| 942 |
_cBK _2lcc _kFOR |
||
| 999 |
_c23632 _d23632 |
||